| 000 | 00694cab a2200241 4500 | ||
|---|---|---|---|
| 001 | ABS59509 | ||
| 008 | 090401t1998 xxu||||| |||| 00| 0 eng d | ||
| 035 | _a(Sirsi) u89337 | ||
| 041 | _aeng | ||
| 100 | _aSimpkins, E. | ||
| 245 | _aScreen premiere | ||
| 260 | _c1998 | ||
| 350 | _a0 | ||
| 490 |
_aEstates Gazette _v(9842) 17 October 1998, 73(1) |
||
| 520 | _aCompany profile of US multiplex giant Cinemark, who plans to enter the European market. Table compares number of cinemas of leading operators. | ||
| 650 | _aCINEMARK | ||
| 650 | _aCINEMAS | ||
| 650 | _aLEISURE MARKET | ||
| 650 | _aMULTIPLEXES | ||
| 690 | _aLEISURE AND RECREATION | ||
| 942 | _n0 | ||
| 948 | _c28/10/1998 | ||
| 999 |
_c56509 _d56509 |
||